000 00234nam a22000857a 4500
008 160914b xxu||||| |||| 00| 0 eng d
100 _9458
_aDoshi. D.M
245 _aGeneral Knowledge Class-9
260 _aNew Delhi
_bCordava Publications
_c2010
999 _c3117
_d3117